000 00372nam a2200133Ia 4500
008 230125s9999 xx 000 0 und d
041 _aeng
082 _a658.15
_bINA
100 _aInamdar S
_9115814
245 _aFinancial Management
260 _c2009
_bSymbiosis centre for distance learning
_aPune
300 _a494p
700 _aInamdar S & Nandini Madan, Donor
_9115815
999 _c93607
_d93607